书目信息 |
| 题名: |
园艺昆虫学
|
|
| 作者: | 韩召军 , 杜相革 , 徐志宏 主编 | |
| 分册: | ||
| 出版信息: | 北京 中国农业大学出版社 2001.04 |
|
| 页数: | 378页 | |
| 开本: | 23cm | |
| 丛书名: | ||
| 单 册: | ||
| 中图分类: | S436 | |
| 科图分类: | ||
| 主题词: | 园艺作物--yuan yi zuo wu--病虫害防治--高等学校--教材 , 园艺作物--yuan yi zuo wu--昆虫学--高等学校--教材 | |
| 电子资源: | ||
| ISBN: | 7-81066-303-8 | |
| 000 | 01027nam0 2200289 450 | |
| 001 | 012007004015 | |
| 005 | 20071227085705.01 | |
| 010 | @a7-81066-303-8@dCNY30.00 | |
| 100 | @a20071226d2001 km y0chi0120 ea | |
| 101 | 0 | @achi |
| 102 | @aCN@b110000 | |
| 105 | @aa a 000yy | |
| 106 | @ar | |
| 200 | 1 | @a园艺昆虫学@Ayuan yi kun chong xue@f韩召军, 杜相革, 徐志宏主编@Fhan zhao jun,du xiang ge,xu zhi hong zhu bian |
| 210 | @a北京@c中国农业大学出版社@d2001.04 | |
| 215 | @a378页@c图@d23cm | |
| 300 | @a面向21世纪课程教材 | |
| 320 | @a有书目 (第374-378页)和索引 | |
| 330 | @a本书介绍了昆虫的形态及其生物学、昆虫发生与环境的关系、害虫的调查和预测预报、防治原理与方法等。 | |
| 606 | 0 | @a园艺作物@Ayuan yi zuo wu@x病虫害防治@x高等学校@j教材 |
| 606 | 0 | @a园艺作物@Ayuan yi zuo wu@x昆虫学@x高等学校@j教材 |
| 690 | @aS436@v4 | |
| 701 | 0 | @a韩召军@Ahan zhao jun@4主编 |
| 701 | 0 | @a杜相革@Adu xiang ge@4主编 |
| 701 | 0 | @a徐志宏@Axu zhi hong@4主编 |
| 801 | 0 | @aCN@bQSSK@c20071227 |
| 905 | @b271914-15@dS436@eH102@f2 | |
| 园艺昆虫学/韩召军, 杜相革, 徐志宏主编.-北京:中国农业大学出版社,2001.04 |
| 378页:图;23cm |
| 面向21世纪课程教材 |
| ISBN 7-81066-303-8:CNY30.00 |
| 本书介绍了昆虫的形态及其生物学、昆虫发生与环境的关系、害虫的调查和预测预报、防治原理与方法等。 |
| ● |
| 相关链接 |
|
|
|
正题名:园艺昆虫学
索取号:S436/H102
 
预约/预借
| 序号 | 登录号 | 条形码 | 馆藏地/架位号 | 状态 | 备注 |
| 1 | 271914 | 202719148 | 自科库401/401自科库 67排3列3层/ [索取号:S436/H102] | 在馆 | |
| 2 | 271915 | 202719157 | 自科库401/401自科库 67排3列3层/ [索取号:S436/H102] | 在馆 |